| 000 | 00451nam a22001817a 4500 | ||
|---|---|---|---|
| 003 | NUST - PNEC | ||
| 005 | 20170116180825.0 | ||
| 008 | 150702b xxu||||| |||| 00| 0 eng d | ||
| 020 | _a- | ||
| 040 | _cLIBRARY | ||
| 082 | _a515 LAW | ||
| 100 |
_94314 _aLawen derek |
||
| 245 |
_aMathematics of engineering systems _cDerek Lawen |
||
| 260 |
_aLondon _bJohn wiley sons _cc1959. |
||
| 300 | _a404 p. : | ||
| 650 |
_94316 _aMath _xME |
||
| 942 |
_2ddc _cBK |
||
| 999 |
_c63856 _d63856 |
||